| 000 | 00456cam a22001097a 4500 | ||
|---|---|---|---|
| 008 | 180718b1990 xxu||||| |||| 00| 0 eng d | ||
| 082 | _aBA27x54 In2at | ||
| 100 | _aIndia. National Commission for Scheduled Castes and Scheduled Tribes | ||
| 245 | _aReport of national commission for scheduled castes and scheduled tribes, atrocities on scheduled castes and tribes: causes & remedies | ||
| 260 |
_aDelhi _bThe Controller of Publications _c1990 |
||
| 300 | _a87+p. | ||
| 999 |
_c488963 _d488963 |
||